Dalian City Quiz - Statistics

General Stats
  • This quiz has been taken 22 times
  • The average score is 8 of 20
Answer Stats
Hint Answer % Correct
Province in which Dalian is located Liaoning
94%
Japan
82%
Yellow Sea
71%
Seas that Dalian borders Bohai Sea
65%
Countries (other than China) that once occupied Dalian Russia
65%
Strategic port city southwest of Dalian Lüshun
53%
Dalian is connected to this city by ferry across this strait Yantai
53%
Ocean theme park by the sea in southern Dalian Laohutan Ocean Park
47%
Largest public square in the world, covering 1.1 square kilometers Xinghai Square
47%
Public square where ten streets intersect, named after Sun Yat-sen Zhongshan Square
41%
Beautiful island off the coast of Haizhiyun Park in southeastern Dalian Bangchui Island
35%
Peninsula on which Dalian is located Liaodong Peninsula
35%
Public square with a musical fountain by the sea Donggang Square
29%
Dalian is famous for the continued operation of this mode of transport Tram
29%
Strait that connects these two seas Bohai Strait
24%
Scenic area by the coast full of rock formations in northeastern Dalian Jinshitan
24%
Mountain scenic area named for its dark stones in northeast Dalian Dahei Mountain
18%
Urban mountain in southern Dalian where the forest zoo is located Baiyun Mountain
12%
Large temple in the mountains west of Dalian Hengshan Temple
6%
Important commercial street with Russian style buildings Russian Style Street
6%
No matching quizzes found
Score Distribution
Percent of People with Each Score
Percentile by Number Answered
Your Score History
You have not taken this quiz